000 00814nmm a2200301 a 4500
003 AR-BaBNM
005 20251128211456.0
008 164020s2003 ||||||||||||||000 | spa||
020 _a987-11113-01-3
040 _cAR-BaBNM
100 1 _aCarlevari, Isidro J.F.
245 1 0 _aLa Argentina
_bgeografía humana y económica
260 _aBuenos Aires
_bGrupo Guía S.A.
_c2003
300 _a540 p.
_bgráfs., tablas, mapas
650 4 _aGEOGRAFIA FISICA
650 4 _aGEOGRAFIA ECONOMICA
650 4 _aGEOGRAFIA POLITICA
650 4 _aECONOMIA REGIONAL
650 4 _aINTEGRACION REGIONAL
650 4 _aMEDIO AMBIENTE
650 4 _aCENSOS DE POBLACION
650 4 _aPOBLACION
651 4 _aArgentina
653 _aMERCOSUR
700 1 _aCarlevari, Ricardo D.
942 _cBK
998 _cmariana
999 _c19801
_d19801